000 00627nam a2200205 i 4500
001 34317
003 ES-MaACL
005 20250712032636.0
007 t|
008 030204s1953 sp ||||1| spa d
100 1 _aBlasco Ibáñez, Vicente,
_d1867-1928
_929388
245 1 3 _aLa voluntad de vivir
_b: novela póstuma /
_cVicente Blasco Ibáñez.
250 _a1ª ed.
260 _aBarcelona :
_bPlaneta,
_c[1953] (
_fHorta)
300 _a377 p. ;
_c20 cm.
490 1 _aAutores españoles contemporáneos
830 1 _aAutores españoles contemporáneos
_9180811
852 _aES-MaACL
_jC-7879
999 _c34317
_d34317